Central Library OPAC University of Rajshahi

শ্রীমদভগবদগীতা : (Record no. 41607)

MARC details
000 -LEADER
fixed length control field 00973nam a2200241 a 4500
001 - CONTROL NUMBER
control field 41607
003 - CONTROL NUMBER IDENTIFIER
rucl marc code BD-RjUL
005 - DATE AND TIME OF LATEST TRANSACTION
control field 20220529122116.0
008 - FIXED-LENGTH DATA ELEMENTS--GENERAL INFORMATION
fixed length control field 160602s1989 i ||||| |||| 00| 0 ben d
020 ## - INTERNATIONAL STANDARD BOOK NUMBER
Terms of availability : IRs. 3.50
035 ## - SYSTEM CONTROL NUMBER
System control number (BD-RjUL)41725
040 ## - CATALOGING SOURCE
Original cataloging agency BD-RjUL
Language of cataloging ben
Transcribing agency BD-RjUL
041 ## - LANGUAGE CODE
Language code of text/sound track or separate title ben
082 ## - DEWEY DECIMAL CLASSIFICATION NUMBER
Edition number 23
Classification number 294.5924
Author mark and year BAS 1989
100 ## - MAIN ENTRY--PERSONAL NAME
Personal name বসু, রাজশেখর
9 (RLIN) 126211
245 ## - TITLE STATEMENT
Title শ্রীমদভগবদগীতা :
Remainder of title ভূমিকা, মুল শ্লোক, অন্বয় ও অন্বয়ানুগামী অনুবাদ /
Statement of responsibility, etc. রাজশেখর বসু
250 ## - EDITION STATEMENT
Edition statement ১ম সং.
260 ## - PUBLICATION, DISTRIBUTION, ETC. (IMPRINT)
Place of publication, distribution, etc. কলিকাতা :
Name of publisher, distributor, etc. এম সি সরকার অ্যান্ড সন্স,
Date of publication, distribution, etc. ১৯৮৯ (১৩৬৮)
300 ## - PHYSICAL DESCRIPTION
Pagination [১৬], ১৯১ পৃ. ;
Size ২০ সেমি.
650 ## - SUBJECT ADDED ENTRY--TOPICAL TERM
Topical term or geographic name as entry element হিন্দুত্ত্ববাদ
9 (RLIN) 127833
Topical term or geographic name as entry element Hinduism
9 (RLIN) 127834
942 ## - ADDED ENTRY ELEMENTS (KOHA)
Source of classification or shelving scheme Dewey Decimal Classification
Koha item type Books
Holdings
Lost status Source of classification or shelving scheme Damaged status Not for loan Collection code Permanent Location Current Location Shelving location Date acquired Source of acquisition Cost, normal purchase price Total Checkouts Full call number Date last seen Copy number Koha item type Date checked out
  Dewey Decimal Classification   Not For Loan Non-fiction Central Library, University of Rajshahi Central Library, University of Rajshahi Reading Room 01/06/1973 Uttar Bongo Library, Rajshahi 3.50   B 294.5924 BAS 1989 02/06/2016 C-1 Books  
  Dewey Decimal Classification     Non-fiction Central Library, University of Rajshahi Central Library, University of Rajshahi General Stacks 01/06/1973 Uttar Bongo Library, Rajshahi 3.50 16 B 294.5924 BAS 1989 12/10/2023 C-2 Books 27/09/2023